| 000 | 01088nam a2200337 c 4500 | ||
|---|---|---|---|
| 001 | 22654 | ||
| 003 | ES-MaCES | ||
| 005 | 20150925135641.0 | ||
| 008 | 091124s2009 sp t o000 | spa d | ||
| 017 |
_aGR 2817-2009 _bDL |
||
| 020 | _a9788498365801 | ||
| 035 | _aCES20090012306m | ||
| 040 |
_aES-MaCES _bspa _cES-MaCES |
||
| 100 | 1 |
_aVida Soria, José _925836 |
|
| 245 | 1 | 0 |
_aManual de Derecho del trabajo _cJosé Vida Soria, José Luis Monereo Pérez, Cristobal Molina Navarrete |
| 250 | _a7ª ed | ||
| 260 |
_aAlbolote (Granada) _bComares _c2009 |
||
| 300 |
_aXIV, 783 p. _c24 cm |
||
| 541 | _cCompra | ||
| 650 | 4 |
_aderecho del trabajo _927165 |
|
| 650 | 4 |
_aEspaña _926964 |
|
| 650 | 4 |
_amanual _929264 |
|
| 653 | 1 | 0 | _aDerecho del trabajo y Seguridad Social |
| 650 | 4 |
_928369 _arelaciones laborales |
|
| 700 | 1 |
_aMonereo Pérez, José Luis _918830 |
|
| 700 | 1 |
_aMolina Navarrete, Cristóbal _918784 |
|
| 775 | 0 |
_tManual de Derecho del trabajo _w(ES-MaCES)21566 |
|
| 902 | _aLIB Libro | ||
| 942 |
_2CES _cBK _h6.0.1. |
||
| 999 |
_c22654 _d22654 |
||